000 00865nam a22002297a 4500
008 090204t xxu||||| |||| 00| 0 eng d
010 _aENG-92815
020 _c125.00
_a9788190758017
035 _aEN-76348
037 _bDBAD / PUB
040 _adpl
_bEnglish
082 _a005.117
100 _aSuganya, P.
245 _aUML with objects /
_cby P. Suganya
260 _aChennai
_bManimekalai Prasuram
_c2008
270 _aPost Box No:1447, No. 7, Thanikachalam Road, T. Nagar,
_bChennai
_e600017
300 _a160p.
_c25cm (pbk)
500 _aIncludes bibliographical references
650 _aUML (Computer science)
942 _2ddc
_cEN
_mSUG
_h005.117
999 _c22963
_d22963